Könyvszemle [könyvismertetés]

Elmentve itt :
Bibliográfiai részletek
Szerző: Tarján Tamás
Dokumentumtípus: Cikk
Megjelent: Hírlapkiadó Vállalat Budapest 1988-08-16
Sorozat:Népszabadság : az MSZMP központi lapja 46 No. 195
Kulcsszavak:Magyarország története - 9-10. sz. - könyvismertetés, I. István király
Online Access:http://misc.bibl.u-szeged.hu/48219
LEADER 00729nab a2200193 i 4500
001 misc48219
005 20211025161040.0
008 200417s1988 hu o 0|| hun d
022 |a 0133-1752 
040 |a SZTE Miscellanea Repozitórium  |b hun 
041 |a hun 
100 1 |a Tarján Tamás 
245 1 0 |a Könyvszemle [könyvismertetés]  |h [elektronikus dokumentum] /  |c  Tarján Tamás 
260 |a Hírlapkiadó Vállalat  |b Budapest  |c 1988-08-16 
300 |a 7 
490 0 |a Népszabadság : az MSZMP központi lapja  |v 46 No. 195 
561 |a Kristó Gyula újságkivágatok 
695 |a Magyarország története - 9-10. sz. - könyvismertetés, I. István király 
856 4 0 |u http://misc.bibl.u-szeged.hu/48219/1/087.pdf  |z Dokumentum-elérés